00546nam a2200181 i 4500001000400000100002600004245012100030250002400151260003800175300003900213650001400252700002700266040000800293041000800301044000800309080000600317008004100323bgj1 aSCHOPENHAUER, Arthur.10aArthur Schopenhauer's Sämmtliche Werke.chrsg. von Julius Frauenstädt.nBd. 1,pSchriften zur Erkenntnißlehre / a2. Aufl. Neue Ausg. aLepzig :bF. A. Brockhaus,c1919. a685 s. pag. varia :bil. ;c22 cm.9 aFilozofia1 aFRAUENSTÄDT, Julius. cBPK0 ager aDEU a1 s gw f |000 0 ger